States of South India and their Districts - Statistics

General Stats
  • This quiz has been taken 92 times
    71 since last reset
  • The average score is 26 of 153
Answer Stats
Answer % Correct
Chennai
82%
Kerala
82%
Tamil Nadu
71%
Hyderabad
62%
Andhra Pradesh
56%
Coimbatore
53%
Karnataka
53%
Telangana
53%
Thiruvananthapuram
53%
Puducherry
47%
Madurai
44%
Visakhapatnam
44%
Kozhikode
41%
Lakshadweep
32%
Kannur
29%
Kollam
29%
Palakkad
29%
Alappuzha
26%
Ernakulam
26%
Erode
26%
Salem
26%
Wayanad
26%
Idukki
24%
Kottayam
24%
Malappuram
24%
Tiruchirappalli
24%
Udupi
24%
Vellore
24%
Belagavi
21%
Guntur
21%
Hassan
21%
Kurnool
21%
Mahe
21%
Mysuru
21%
Thrissur
21%
Tirupati
21%
Tiruppur
21%
Warangal
21%
Bengaluru Rural
18%
Bengaluru Urban
18%
Dharwad
18%
Karimnagar
18%
Karur
18%
Kasaragod
18%
Kolar
18%
Krishna
18%
Nizamabad
18%
Pathanamthitta
18%
Thanjavur
18%
Theni
18%
Tirunelveli
18%
Adilabad
15%
Bidar
15%
Chittoor
15%
Kakinada
15%
Kanniyakumari
15%
Karaikal
15%
Ramanathapuram
15%
Srikakulam
15%
Tenkasi
15%
West Godavari
15%
Yanam
15%
Ariyalur
12%
Ballari
12%
Chengalpattu
12%
Cuddalore
12%
Dharmapuri
12%
East Godavari
12%
Eluru
12%
Haveri
12%
Kamareddy
12%
Kancheepuram
12%
Khammam
12%
Kodagu
12%
Mandya
12%
Medak
12%
Mulugu
12%
Nagarkurnool
12%
Namakkal
12%
Narayanpet
12%
Prakasam
12%
Pudukkottai
12%
Raichur
12%
Rangareddy
12%
Ranipet
12%
Sangareddy
12%
Shivamogga
12%
Sivaganga
12%
Suryapet
12%
The Nilgiris
12%
Thoothukkudi
12%
Tumakuru
12%
Uttara Kannada
12%
Vijayanagara
12%
Vizianagaram
12%
Chamarajanagar
9%
Dakshina Kannada
9%
Davanagere
9%
Dindigul
9%
Gadag
9%
Hanumakonda
9%
Jogulamba Gadwal
9%
Kalaburagi
9%
Koppal
9%
Krishnagiri
9%
Mahabubnagar
9%
Mancherial
9%
Medchal Malkajgiri
9%
Nalgonda
9%
Nirmal
9%
NTR
9%
Perambalur
9%
Rajanna Sircilla
9%
Ramanagara
9%
Siddipet
9%
Sri Sathya Sai
9%
Thiruvarur
9%
Vijayapura
9%
Vikarabad
9%
Wanaparthy
9%
Yadgir
9%
YSR Kadapa
9%
Anakapalli
6%
Bhadradri Kothagudem
6%
Chikkaballapura
6%
Chikkamagaluru
6%
Chitradurga
6%
Jagitial
6%
Kallakurichi
6%
Mahabubabad
6%
Mayiladuthurai
6%
Nagapattinam
6%
Nandyal
6%
Palnadu
6%
Peddapalli
6%
Thiruvallur
6%
Tirupathur
6%
Tiruvannamalai
6%
Viluppuram
6%
Virudhunagar
6%
Yadadri Bhuvanagiri
6%
Alluri Sitharama Raju
3%
Ananthapuramu
3%
Annamayya
3%
Bagalkote
3%
Bapatla
3%
Dr. B.R. Ambedkar Konaseema
3%
Jangoan
3%
Jayashankar Bhupalapally
3%
Kumaram Bheem Asifabad
3%
Parvathipuram Manyam
3%
Sri Potti Sriramulu Nellore
3%
No matching quizzes found
Score Distribution
Percent of People with Each Score
Percentile by Number Answered
Your Score History
You have not taken this quiz since the last reset